000 00431nam a2200169 i 4500
001 45541
003 ES-MaACL
005 20230906161232.0
007 t|
008 030326s1985 sp ||||1| spa d
020 _a84-85501-98-5
100 1 _aCohen, Marcelo.
_939506
245 1 0 _aInsomnio /
_cMarcelo Cohen.
260 _aBarcelona :
_bMuchnik,
_c[1985]
300 _a219 p. ;
_c20 cm.
852 _aES-MaACL
_jL-11162
_bR.111598
999 _c45541
_d45541